US Presidents by Highest Office - Statistics

General Stats
  • This quiz has been taken 28 times
  • The average score is 17 of 45
Answer Stats
President Office % Correct
Joseph Biden Vice President of the United States
100%
Donald Trump None
82%
Barack Obama Senator of Illinois
65%
Lyndon Johnson Vice President of the United States
65%
Harry Truman Vice President of the United States
65%
Bill Clinton Governor of Arkansas
59%
George H.W. Bush Vice President of the United States
59%
Theodore Roosevelt Vice President of the United States
59%
Chester Arthur Vice President of the United States
59%
John Adams Vice President of the United States
59%
George W. Bush Governor of Texas
53%
Gerald Ford Vice President of the United States
53%
Richard Nixon Vice President of the United States
53%
Calvin Coolidge Vice President of the United States
53%
Ronald Reagan Governor of California
47%
Jimmy Carter Governor of Georgia
47%
Dwight Eisenhower None
47%
George Washington None
47%
John Kennedy Senator of Massachusetts
47%
Andrew Johnson Vice President of the United States
47%
John Tyler Vice President of the United States
47%
Thomas Jefferson Vice President of the United States
47%
Franklin Roosevelt Governor of New York
41%
Ulysses Grant None
41%
Millard Fillmore Vice President of the United States
41%
Martin Van Buren Vice President of the United States
41%
Herbert Hoover None
29%
William Taft None
29%
Grover Cleveland Governor of New York
24%
Zachary Taylor None
24%
Warren Harding Senator of Ohio
24%
Woodrow Wilson Governor of New Jersey
18%
William McKinley Governor of Ohio
12%
Rutherford Hayes Governor of Ohio
12%
Benjamin Harrison Senator of Indiana
12%
John Quincy Adams Senator of Massachusetts
12%
Franklin Pierce Senator of New Hampshire
12%
James Buchanan Senator of Pennsylvania
12%
Abraham Lincoln US Representative from Illinois
12%
James Polk Governor of Tennessee
6%
Andrew Jackson Senator of Tennessee
6%
James Monroe Governor of Virginia
0%
William Harrison Senator of Ohio
0%
James Garfield US Representative from Ohio
0%
James Madison US Representative from Virginia
0%
No matching quizzes found
Score Distribution
Percent of People with Each Score
Percentile by Number Answered
Your Score History
You have not taken this quiz